[Event "Norway Chess op"]
[Site "Stavanger"]
[Date "2023.05.30"]
[Round "6"]
[White "Hetland, Even Huneide"]
[Black "Den Roover, Nikolay"]
[Result "1-0"]
[WhiteElo "1719"]
[BlackElo "1821"]
[PlyCount "115"]
[EventDate "2023.05.27"]
[EventType "swiss"]
[EventRounds "10"]
[EventCountry "NOR"]
[SourceTitle "CBM 214 Extra"]
[Source "ChessBase"]
[SourceDate "2023.07.31"]
[SourceVersion "1"]
[SourceVersionDate "2023.07.31"]
[SourceQuality "1"]

1. d4 Nf6 2. c4 c5 3. Nf3 cxd4 4. Nxd4 g6 5. Nc3 Bg7 6. e4 d6 7. Be2 Nc6 8. Be3 0-0 9. 0-0 Bd7 10. Qd2 a6 11. Rac1 Nxd4 12. Bxd4 Qa5 13. b4 Qxb4 14. Rb1 Qa5 15. Rxb7 Rfb8 16. Qb2 Rxb7 17. Qxb7 Qd8 18. Rb1 Kf8 19. e5 Ne8 20. f4 dxe5 21. Bxe5 Bxe5 22. fxe5 Be6 23. Bf3 Rc8 24. Nd5 Rxc4 25. Rd1 Bxd5 26. Bxd5 e6 27. Rf1 Rc7 28. Qb4+ Kg8 29. Bxe6 Re7 30. Bb3 Ng7 31. Qf4 Ne6 32. Qf6 Qe8 33. h4 Ng7 34. g4 h5 35. Qxg6 Qd7 36. Kh2 hxg4 37. h5 Qd2+ 38. Kh1 Qe2 39. Bxf7+ Rxf7 40. Qxf7+ Kh7 41. e6 Qe4+ 42. Kh2 Qe5+ 43. Kg2 Qe2+ 44. Rf2 Qe4+ 45. Kg3 Qe5+ 46. Kh4 Kh8 47. e7 Qe1 48. h6 Qh1+ 49. Kg5 Qc1+ 50. Rf4 Qc5+ 51. Rf5 Qc1+ 52. Kg6 Qc6+ 53. Qf6 Qe8+ 54. Qf7 Qc6+ 55. Kg5 Qc1+ 56. Rf4 Qc5+ 57. Kh4 Nf5+ 58. Qxf5 1-0

[Event "Norway Chess op"]
[Site "Stavanger"]
[Date "2023.05.29"]
[Round "4"]
[White "Klings, Peter"]
[Black "Den Roover, Nikolay"]
[Result "1-0"]
[WhiteElo "2071"]
[BlackElo "1821"]
[PlyCount "135"]
[EventDate "2023.05.27"]
[EventType "swiss"]
[EventRounds "10"]
[EventCountry "NOR"]
[SourceTitle "CBM 214 Extra"]
[Source "ChessBase"]
[SourceDate "2023.07.31"]
[SourceVersion "1"]
[SourceVersionDate "2023.07.31"]
[SourceQuality "1"]

1. e4 c6 2. d4 d5 3. e5 c5 4. dxc5 e6 5. Nf3 Bxc5 6. Bd3 Ne7 7. 0-0 Nbc6 8. Nbd2 Ng6 9. Nb3 Bb6 10. Re1 Qc7 11. Qe2 Nb4 12. Bd2 Nxd3 13. cxd3 Qe7 14. a3 a5 15. Be3 Bxe3 16. Qxe3 a4 17. Nbd4 Bd7 18. Rac1 Qd8 19. Qd2 Qb6 20. g3 0-0 21. h4 Ne7 22. Rc2 Rfc8 23. Rec1 Nc6 24. Nxc6 Rxc6 25. Rxc6 Bxc6 26. Qc3 h6 27. Nd4 Rc8 28. Qb4 Qa6 29. Rc3 Re8 30. Qc5 Kh7 31. Kf1 Kg6 32. Ke2 Rc8 33. Qb4 h5 34. f4 Qa7 35. Qc5 Qa6 36. Qb4 Qa7 37. Qc5 Qa6 38. Qb4 Qa7 39. Rc5 Bd7 40. Ra5 Qb8 41. Rc5 b6 42. Rc3 Kh7 43. Kd2 Qa7 44. Qe7 Rxc3 45. bxc3 b5 46. Kc2 Kg8 47. Kb2 g6 48. Kc2 Kg7 49. Kd2 Kg8 50. Ke2 Qc7 51. Kd2 Qa7 52. Qd6 Be8 53. Qd8 Kf8 54. Qd6+ Kg8 55. Ke2 Kg7 56. Kf3 Qa5 57. Qe7 Qxc3 58. Nxe6+ Kh7 59. Ng5+ Kg7 60. Qxe8 d4 61. Ke4 Qe1+ 62. Kxd4 Qa1+ 63. Kd5 Qa2+ 64. Kc6 Qc2+ 65. Kb6 Qa2 66. e6 Qf2+ 67. Ka6 fxe6 68. Qf7+ 1-0

[Event "EU-ch U12 30th"]
[Site "Antalya"]
[Date "2022.11.12"]
[Round "7"]
[White "Fenerli, Salim"]
[Black "Den Roover, Nikolay"]
[Result "0-1"]
[WhiteElo "1928"]
[BlackElo "1652"]
[PlyCount "66"]
[EventDate "2022.11.06"]
[EventType "swiss"]
[EventRounds "9"]
[EventCountry "TUR"]
[SourceTitle "EXT 2024"]
[Source "ChessBase"]
[SourceDate "2023.10.10"]
[SourceVersion "1"]
[SourceVersionDate "2023.10.10"]
[SourceQuality "1"]

1. e4 c6 2. d4 d5 3. Nc3 dxe4 4. Nxe4 Nf6 5. Nxf6+ exf6 6. c3 Bd6 7. Bd3 0-0 8. Qc2 Re8+ 9. Ne2 h5 10. 0-0 Qc7 11. h3 Nd7 12. Be3 Nf8 13. c4 c5 14. d5 Nd7 15. Bh7+ Kh8 16. Bf5 g6 17. Bxg6 fxg6 18. Qxg6 Re7 19. Qxh5+ Rh7 20. Qe8+ Nf8 21. Nf4 Qf7 22. Qd8 Bxf4 23. Bxc5 Rg7 24. g3 Rg8 25. Bxf8 Rxf8 26. Qa5 Be5 27. Qd2 Bxh3 28. Rfe1 Rg8 29. Re4 Qh7 30. Qe3 Bf5 31. Rxe5 fxe5 32. Qxe5+ Rg7 33. Re1 Rc8 0-1

[Event "EU-ch U12 30th"]
[Site "Antalya"]
[Date "2022.11.10"]
[Round "5"]
[White "Haug, Havard"]
[Black "Den Roover, Nikolay"]
[Result "1/2-1/2"]
[WhiteElo "2098"]
[BlackElo "1652"]
[PlyCount "31"]
[EventDate "2022.11.06"]
[EventType "swiss"]
[EventRounds "9"]
[EventCountry "TUR"]
[SourceTitle "EXT 2024"]
[Source "ChessBase"]
[SourceDate "2023.10.10"]
[SourceVersion "1"]
[SourceVersionDate "2023.10.10"]
[SourceQuality "1"]

1. e4 c6 2. d4 d5 3. e5 c5 4. dxc5 e6 5. Nf3 Bxc5 6. Bd3 Nc6 7. 0-0 Nge7 8. Re1 Ng6 9. Nbd2 Qb6 10. Qe2 Nf4 11. Qe4 Nxd3 12. cxd3 Bd7 13. Nb3 Nd4 14. Nfxd4 Bxd4 15. Nxd4 Qxd4 16. Qxd4 1/2-1/2

[Event "EU-ch U12 30th"]
[Site "Antalya"]
[Date "2022.11.08"]
[Round "3"]
[White "Gordon, Frederick"]
[Black "Den Roover, Nikolay"]
[Result "1-0"]
[WhiteElo "2159"]
[BlackElo "1652"]
[PlyCount "43"]
[EventDate "2022.11.06"]
[EventType "swiss"]
[EventRounds "9"]
[EventCountry "TUR"]
[SourceTitle "EXT 2024"]
[Source "ChessBase"]
[SourceDate "2023.10.10"]
[SourceVersion "1"]
[SourceVersionDate "2023.10.10"]
[SourceQuality "1"]

1. e4 c6 2. Nf3 d5 3. Nc3 Bg4 4. h3 Bxf3 5. Qxf3 e6 6. d4 Nf6 7. Bg5 Be7 8. 0-0-0 Nxe4 9. Bxe7 Qxe7 10. Nxe4 dxe4 11. Qxe4 Nd7 12. f4 0-0-0 13. Bc4 Nf6 14. Qe5 Nd5 15. Bxd5 cxd5 16. Qxg7 Rhg8 17. Qxh7 Rxg2 18. Qd3 Kb8 19. Kb1 Rc8 20. Rc1 Rf2 21. h4 Rxf4 22. h5 1-0

[Event "EU-ch U12 30th"]
[Site "Antalya"]
[Date "2022.11.06"]
[Round "1"]
[White "Ruzhansky, Elias"]
[Black "Den Roover, Nikolay"]
[Result "1-0"]
[WhiteElo "2070"]
[BlackElo "1652"]
[PlyCount "97"]
[EventDate "2022.11.06"]
[EventType "swiss"]
[EventRounds "9"]
[EventCountry "TUR"]
[SourceTitle "CBM 211 Extra"]
[Source "ChessBase"]
[SourceDate "2023.01.31"]
[SourceVersion "1"]
[SourceVersionDate "2023.01.31"]
[SourceQuality "1"]

1. e4 c6 2. Nf3 d5 3. Nc3 Bg4 4. h3 Bxf3 5. Qxf3 e6 6. d3 Nd7 7. g3 d4 8. Nb1 c5 9. Bg2 e5 10. 0-0 Ngf6 11. Qe2 Bd6 12. f4 Qc7 13. f5 h6 14. a4 Nb8 15. Na3 Nc6 16. Bd2 a6 17. Nc4 b6 18. g4 Nd7 19. f6 gxf6 20. Rf5 0-0-0 21. Rh5 Bf8 22. Qf2 Bg7 23. Qe1 a5 24. Bf1 Nf8 25. c3 Ne6 26. Ra3 Kd7 27. Rb3 Rb8 28. Qd1 Ke7 29. Rf5 Rhd8 30. Qc1 Rh8 31. Rh5 Ng5 32. Qd1 Ne6 33. Qf3 Kd7 34. Qf2 Ne7 35. Bg2 Ng6 36. Rf5 Rhe8 37. h4 Ngf4 38. Bxf4 Nxf4 39. cxd4 cxd4 40. Rxf4 exf4 41. Qxd4+ Ke7 42. Nxb6 Qe5 43. Nd5+ Kf8 44. Qc5+ Kg8 45. d4 Qe6 46. Ne7+ Kh8 47. Rxb8 Rxb8 48. Qc7 Rxb2 49. Qd8+ 1-0

[Event "EU-ch Hybrid U12"]
[Site "Tornelo INT"]
[Date "2021.10.15"]
[Round "6"]
[White "Ivanov, Stefan V"]
[Black "Den Roover, Nikolay"]
[Result "0-1"]
[WhiteElo "1268"]
[BlackElo "1421"]
[PlyCount "42"]
[EventDate "2021.10.15"]
[EventType "swiss"]
[EventRounds "9"]
[EventCountry "NET"]
[SourceTitle "EXT 2023"]
[Source "ChessBase"]
[SourceDate "2022.10.05"]
[SourceVersion "1"]
[SourceVersionDate "2022.10.05"]
[SourceQuality "1"]
[WhiteTeam "Bulgaria"]
[BlackTeam "Norway"]
[WhiteTeamCountry "BUL"]
[BlackTeamCountry "NOR"]

1. Nf3 Nf6 2. g3 d5 3. Bg2 e6 4. 0-0 Bd6 5. d4 Nbd7 6. c4 b6 7. cxd5 exd5 8. Nc3 0-0 9. Qc2 Bb7 10. Nb5 Qe7 11. Nxd6 cxd6 12. Re1 Rac8 13. Qa4 Bc6 14. Qa3 Bb5 15. Bf4 Ne4 16. Nd2 Nxd2 17. Bxd2 Rc2 18. Bb4 Qe6 19. Bxd6 Rfc8 20. e3 Qf5 21. f4 Rxg2+ 0-1